Частотно-временной корреляционный анализ в задачах определения координат утечек в трубопроводах; Известия Томского политехнического университета [Известия ТПУ]; Т. 317, № 2: Математика и механика. Физика
| Parent link: | Известия Томского политехнического университета [Известия ТПУ]/ Томский политехнический университет (ТПУ).— , 2000- Т. 317, № 2: Математика и механика. Физика.— 2010.— [С. 70-73] |
|---|---|
| Autore principale: | |
| Altri autori: | , |
| Riassunto: | Заглавие с титульного листа Электронная версия печатной публикации Рассматривается решение задачи обнаружения утечек в трубопроводных системах на основе создания и анализа частотно-временной корреляционной функции. Подход позволяет установить взаимосвязь частотных составляющих спектров двух сигналов и по этой взаимосвязи выявить наличие утечки и место ее расположения. |
| Lingua: | russo |
| Pubblicazione: |
2010
|
| Serie: | Математика и механика. Физика |
| Soggetti: | |
| Accesso online: | http://www.lib.tpu.ru/fulltext/v/Bulletin_TPU/2010/v317/i2/16.pdf |
| Natura: | MixedMaterials Elettronico Capitolo di libro |
| KOHA link: | https://koha.lib.tpu.ru/cgi-bin/koha/opac-detail.pl?biblionumber=191911 |
MARC
| LEADER | 00000nla2a2200000 4500 | ||
|---|---|---|---|
| 001 | 191911 | ||
| 005 | 20240130143504.0 | ||
| 035 | |a (RuTPU)RU\TPU\book\209276 | ||
| 035 | |a RU\TPU\book\209273 | ||
| 090 | |a 191911 | ||
| 100 | |a 20110214d2010 k y0rusy50 ca | ||
| 101 | 0 | |a rus | |
| 102 | |a RU | ||
| 135 | |a drnn ---uucaa | ||
| 181 | 0 | |a i | |
| 182 | 0 | |a b | |
| 200 | 1 | |a Частотно-временной корреляционный анализ в задачах определения координат утечек в трубопроводах |f В. С. Аврамчук, В. И. Гончаров, Чан Вьет Тьяу | |
| 203 | |a Текст |c электронный | ||
| 215 | |a 1 файл (175 Кб) | ||
| 225 | 1 | |a Математика и механика. Физика | |
| 300 | |a Заглавие с титульного листа | ||
| 300 | |a Электронная версия печатной публикации | ||
| 320 | |a [Библиогр.: с. 73 (6 назв.)] | ||
| 330 | |a Рассматривается решение задачи обнаружения утечек в трубопроводных системах на основе создания и анализа частотно-временной корреляционной функции. Подход позволяет установить взаимосвязь частотных составляющих спектров двух сигналов и по этой взаимосвязи выявить наличие утечки и место ее расположения. | ||
| 337 | |a Adobe Reader | ||
| 461 | 1 | |0 (RuTPU)RU\TPU\book\176237 |t Известия Томского политехнического университета [Известия ТПУ] |f Томский политехнический университет (ТПУ) |d 2000- | |
| 463 | 1 | |0 (RuTPU)RU\TPU\book\205139 |x 1684-8519 |t Т. 317, № 2: Математика и механика. Физика |v [С. 70-73] |d 2010 |p 200 с. | |
| 610 | 1 | |a утечки | |
| 610 | 1 | |a обнаружение | |
| 610 | 1 | |a частотно-временной корреляционный анализ | |
| 610 | 1 | |a корреляция | |
| 610 | 1 | |a спектральный анализ | |
| 610 | 1 | |a корреляционные течеискатели | |
| 610 | 1 | |a трубопроводы | |
| 610 | 1 | |a координаты | |
| 610 | 1 | |a труды учёных ТПУ | |
| 610 | 1 | |a электронный ресурс | |
| 700 | 1 | |a Аврамчук |b В. С. |c специалист в области автоматики и компьютерной техники, кандидат технических наук |c доцент Томского политехнического университета |f 1978- |g Валерий Степанович |3 (RuTPU)RU\TPU\pers\25928 | |
| 701 | 1 | |a Гончаров |b В. И. |c радиотехник, специалист в области информатики и вычислительной техники |c профессор Томского политехнического университета, доктор технических наук |f 1937- |g Валерий Иванович |3 (RuTPU)RU\TPU\pers\21955 |9 9274 | |
| 701 | 0 | |a Чан Вьет Тьяу |c аспирант каф. интегрированных компьютерных систем управления (ИКСУ) АВТФ, ТПУ |f 1983- |3 (RuTPU)RU\TPU\pers\25953 | |
| 801 | 1 | |a RU |b 63413507 |c 20090623 |g PSBO | |
| 801 | 2 | |a RU |b 63413507 |c 20211223 |g PSBO | |
| 856 | 4 | |u http://www.lib.tpu.ru/fulltext/v/Bulletin_TPU/2010/v317/i2/16.pdf | |
| 942 | |c CF | ||